000 00531nam a2200217Ia 4500
003 OSt
005 20231121144528.0
008 210210b1986 xxu||||| |||| 00| 0 eng d
040 _cAL
041 _aEnglish
082 _a658.3 SCOP
100 _aSCOTT (Walter Dill) and others.
_9142672
245 _aPersonnel management.
250 _a6
260 _aNew Delhi.
_bT M H
_c1986
300 _ax,623
650 _aPersonnel Management
_9142673
690 _aPersonnel Managemen
_9142674
906 _a03341
942 _2ddc
_cBK
999 _c84562
_d84562